00362pab a2200133 454500008004000000100001600040245005100056260000900107300001500116362001200131650003500143650002700178773002300205180718b2012 xxu||||| |||| 00| 0 eng d aNutan Kumar aLimitations of educational technology in India c2012 ap.105-110. aJul-Dec aEducational technology - India aEducational technology aReview of Politics